| 000 | 00853nam a22002417a 4500 | ||
|---|---|---|---|
| 999 |
_c4994 _d4994 |
||
| 003 | AR-CdUCM | ||
| 008 | 190311b ||||| |||| 00| 0 spa d | ||
| 020 | _a9972423824 | ||
| 040 |
_aMUNICIPALIDAD PROVINCIAL DEL CUSCO _cBIBLIOTECA MUNICIPAL DEL CUSCO |
||
| 082 |
_a985.012 / _bK265 |
||
| 100 |
_aKaulicke, Peter _915282 |
||
| 245 | _aMemoria y muerte en el Perú antiguo / | ||
| 260 |
_aLima : _bPUCP, _c2000. |
||
| 300 |
_a387 páginas ; _bimágenes. _c25 cm. |
||
| 505 | _aMemoria y muerte en el Cuzco siglo XVI -- La cronología y la muerte -- Cronología y muerte Mochicas -- Secuencias como transformaciones -- Vivir los ancestros en el Antiguo Perú... | ||
| 650 |
_aMemoria. _91763 |
||
| 650 |
_aMuerte. _92924 |
||
| 650 |
_aCusco. _9772 |
||
| 650 |
_aMochica. _915283 |
||
| 650 |
_aCronología. _963 |
||
| 942 |
_2ddc _cLIBROS |
||
| 945 | _awfj | ||